|
|
|
|
| LEADER |
00000nam0a2200000 4500 |
| 001 |
369475 |
| 005 |
20231102012203.0 |
| 035 |
|
|
|a (RuTPU)RU\TPU\retro\26861
|
| 090 |
|
|
|a 369475
|
| 100 |
|
|
|a 20220524d1980 m y0rusy50 ca
|
| 101 |
0 |
|
|a rus
|
| 102 |
|
|
|a RU
|
| 105 |
|
|
|a a z 000zy
|
| 200 |
1 |
|
|a Методика комплексного анализа хозяйственной деятельности промышленного предприятия (объединения)
|f А. Д. Шеремет, Р. С. Сайфулин
|
| 210 |
|
|
|a Москва
|c Экономика
|d 1980
|
| 215 |
|
|
|a 232 с.
|c табл.
|
| 606 |
1 |
|
|a Анализ хозяйственной деятельности
|x Математические методы
|2 stltpush
|3 (RuTPU)RU\TPU\subj\28965
|9 52386
|
| 610 |
1 |
|
|a экономический анализ
|
| 610 |
1 |
|
|a комплексный анализ
|
| 610 |
1 |
|
|a методика
|
| 610 |
1 |
|
|a производственная деятельность
|
| 610 |
1 |
|
|a технический уровень
|
| 610 |
1 |
|
|a труд
|
| 610 |
1 |
|
|a заработная плата
|
| 610 |
1 |
|
|a прибыль
|
| 610 |
1 |
|
|a рентабельность
|
| 675 |
|
|
|a 658.012.122
|v 4
|
| 700 |
|
1 |
|a Шеремет
|b А. Д.
|g Анатолий Данилович
|
| 701 |
|
1 |
|a Сайфулин
|b Р. С.
|g Рафик Саитович
|
| 801 |
|
1 |
|a RU
|b 63413507
|c 20220524
|
| 942 |
|
|
|c BK
|